The invasion of China by the western world/ (Record no. 18495)

MARC details
000 -LEADER
fixed length control field 01033cam a22003131 4500
001 - CONTROL NUMBER
control field 9711930
003 - CONTROL NUMBER IDENTIFIER
control field BDDh-ASL
005 - DATE AND TIME OF LATEST TRANSACTION
control field 20231015025718.0
008 - FIXED-LENGTH DATA ELEMENTS--GENERAL INFORMATION
fixed length control field 750417s1937 e 000 0 eng
010 ## - LIBRARY OF CONGRESS CONTROL NUMBER
LC control number 38002483
035 ## - SYSTEM CONTROL NUMBER
System control number (OCoLC)1283728
040 ## - CATALOGING SOURCE
Original cataloging agency DLC
Transcribing agency PPT
Modifying agency BDDh-ASL
-- DLC
050 00 - LIBRARY OF CONGRESS CALL NUMBER
Classification number DS721
Item number .H73
082 ## - DEWEY DECIMAL CLASSIFICATION NUMBER
Classification number 915
Item number HUI
100 1# - MAIN ENTRY--PERSONAL NAME
Personal name Hughes, E. R.
Fuller form of name (Ernest Richard),
Dates associated with a name 1883-1956.
245 14 - TITLE STATEMENT
Title The invasion of China by the western world/
Statement of responsibility, etc. by E. R. Hughes.
260 ## - PUBLICATION, DISTRIBUTION, ETC.
Place of publication, distribution, etc. London:
Name of publisher, distributor, etc. A. and C. Black,
Date of publication, distribution, etc. 1937.
300 ## - PHYSICAL DESCRIPTION
Extent xvi, 323, [1] p. :
Other physical details fold. front., maps (part fold.);
Dimensions 23 cm.
490 0# - SERIES STATEMENT
Series statement The pioneer histories
504 ## - BIBLIOGRAPHY, ETC. NOTE
Bibliography, etc. note Bibliography: p. 303-309.
651 #0 - SUBJECT ADDED ENTRY--GEOGRAPHIC NAME
Geographic name China
General subdivision Civilization.
651 #0 - SUBJECT ADDED ENTRY--GEOGRAPHIC NAME
Geographic name China
General subdivision Relations
Geographic subdivision Europe.
651 #0 - SUBJECT ADDED ENTRY--GEOGRAPHIC NAME
Geographic name China
General subdivision Relations
Geographic subdivision United States.
651 #0 - SUBJECT ADDED ENTRY--GEOGRAPHIC NAME
Geographic name Europe
General subdivision Relations
Geographic subdivision China.
651 #0 - SUBJECT ADDED ENTRY--GEOGRAPHIC NAME
Geographic name United States
General subdivision Relations
Geographic subdivision China.
740 0# - ADDED ENTRY--UNCONTROLLED RELATED/ANALYTICAL TITLE
Uncontrolled related/analytical title Western world, Invasion of China by the.
906 ## - LOCAL DATA ELEMENT F, LDF (RLIN)
a 7
b cbc
c oclcrpl
d u
e ncip
f 19
g y-gencatlg
942 ## - ADDED ENTRY ELEMENTS (KOHA)
Source of classification or shelving scheme Dewey Decimal Classification
Koha item type Books
Holdings
Withdrawn status Lost status Source of classification or shelving scheme Damaged status Not for loan Collection code Home library Current library Shelving location Date acquired Source of acquisition Total Checkouts Full call number Barcode Date last seen Copy number Price effective from Koha item type Public note
    Dewey Decimal Classification   Not For Loan Non-fiction Asiatic Society Library Asiatic Society Library Harrison Collection 10/12/2020 Donated by Prof. John B. Harrison   915 HUI 101687 10/12/2020 C-1 10/12/2020 Books RARE

Powered by Koha